Biblioteca

Hebrews (Registro nro. 67747)

Detalles MARC
000 -LÍDER
Campo fijo de descripción fija 02497nam a2200457 i 4500
001 - NÚMERO DE CONTROL
Campo de control 768714001
003 - IDENTIFICADOR DEL NÚMERO DE CONTROL
Campo de control CO-MdFUSB
005 - FECHA Y HORA DE LA ULTIMA TRANSACCIÓN
control field 20251028155848.0
007 - CAMPO FIJO DE DESCRIPCIÓN FIJA--INFORMACIÓN GENERAL
Campo fijo de descripción fija cr nn |nn|a
007 - CAMPO FIJO DE DESCRIPCIÓN FIJA--INFORMACIÓN GENERAL
Campo fijo de descripción fija ta
008 - ELEMENTOS DE LONGITUD FIJA -- INFORMACIÓN GENERAL
Campo fijo de descripción fija -- Información general 220418t2019 -us||||| |||| 00| 0 eng d
020 ## - NÚMERO INTERNACIONAL NORMALIZADO PARA LIBROS
Número Internacional Normalizado del libro 9781433684289
Información adicional electrónico
020 ## - NÚMERO INTERNACIONAL NORMALIZADO PARA LIBROS
Número Internacional Normalizado del libro 9781433676277
Información adicional impreso
040 ## - FUENTE DE CATALOGACIÓN
Agencia de catalogación original CO-MdFUSB
Idioma de catalogación spa
Agencia que realiza la transcripción CO-MdFUSB
Agencia que realiza la modificación CO-MdFUSBC
Convenciones de la descripción rda
041 ## - CÓDIGO DE IDIOMA
Código de idioma para texto/pista de sonido o título separado eng
082 ## - NÚMERO DE CLASIFICACIÓN DECIMAL DEWEY
Número de la edición del Dewey 23
Número de clasificación 227.8706
Clave de autor-Numero de item H313
100 ## - ASIENTO PRINCIPAL--NOMBRE PERSONAL
Nombre personal Harris, Dana M.,
Término relacionador autor
245 ## - TÍTULO
Título del Material Hebrews
Mención de responsabilidad, etc. / Dana M. Harris , Andreas J. Köstenberger , Robert W. Yarbrough
Medio físico [físico y electrónico]
264 #1 - PRODUCCIÓN, PUBLICACIÓN, DISTRIBUCIÓN, MANUFACTURA, Y COPYRIGHT
Lugar de producción, publicación, distribución, manufactura Nashville, TN :
Nombre del productor, publicador, distribuidor B & H Academic,
Fecha de producción, publicación, distribución, manufactura, o copyright [2019]
264 #4 - PRODUCCIÓN, PUBLICACIÓN, DISTRIBUCIÓN, MANUFACTURA, Y COPYRIGHT
Fecha de producción, publicación, distribución, manufactura, o copyright ©2019
300 ## - DESCRIPCIÓN FÍSICA
Extensión 452 páginas
Dimensiones ; 23 cm
336 ## - TIPO DE CONTENIDO
Fuente rdacontent
Término de tipo de contenido texto
Código de tipo de contenido txt
337 ## - TIPO DE MEDIO
Fuente rdamedia
Nombre del tipo de medio informático
Código del tipo de medio c
337 ## - TIPO DE MEDIO
Fuente rdamedia
Nombre del tipo de medio sin mediación
Código del tipo de medio n
338 ## - TIPO DE SOPORTE
Fuente rdacarrier
Nombre del tipo de soporte remoto
Código Tipo de soporte cr
338 ## - TIPO DE SOPORTE
Fuente rdacarrier
Nombre del tipo de soporte volumen
Código Tipo de soporte nc
490 ## - MENCIÓN DE SERIE
Mención de serie Exegetical Guide to the Greek New Testament
505 ## - NOTA DE CONTENIDO
Nota de contenido con formato preestablecido Hebreos. -- Esquema exegético. -- Índice de gramática. --Índice de las Escrituras
506 ## - NOTA DE RESTRICCIONES DE ACCESO
Condiciones de acceso Solicitar clave y usuario para acceder al libro electrónico.
506 ## - NOTA DE RESTRICCIONES DE ACCESO
Condiciones de acceso Libro multiusuario.
520 ## - NOTA DE RESUMEN, ETC.
Nota de sumario, etc. La Guía Exegética del Nuevo Testamento Griego (EGGNT) cierra la brecha entre el texto griego y las herramientas léxicas y gramaticales disponibles, brindando toda la información necesaria para una mayor comprensión del texto. La serie facilita la interpretación de cualquier libro del Nuevo Testamento, especialmente para aquellos que tienen poco tiempo pero quieren predicar o enseñar con precisión y autoridad. Cada volumen comienza con una breve introducción al libro del Nuevo Testamento en particular, un bosquejo básico y una lista de comentarios recomendados. El cuerpo está dedicado a la exégesis párrafo por párrafo del texto griego e incluye ayudas homiléticas y sugerencias para estudios posteriores. Un bosquejo exegético integral del libro del Nuevo Testamento completa cada volumen de EGGNT.
563 ## - NOTA DE ENCUADERNACIÓN
Nota de encuadernación Rústico
630 #7 - TITULO UNIFORME
Título uniforme Biblia.
Nombre de parte o sección de la obra Hebreos
Subdivisión de materia general Crítica, interpretación, etc.
700 ## - ASIENTO SECUNDARIO - NOMBRE PERSONAL
9 (RLIN) 6414
Nombre personal Köstenberger, Andreas J.,
Responsabilidad autor
700 ## - ASIENTO SECUNDARIO - NOMBRE PERSONAL
9 (RLIN) 328
Nombre personal Yarbrough, Robert W.
Responsabilidad autor
856 ## - LOCALIZACIÓN Y ACCESO ELECTRÓNICOS
Numero de Acceso 2175855
Identificador Uniforme del Recurso <a href="http://search.ebscohost.com/login.aspx?direct=true&scope=site&db=nlebk&db=nlabk&AN=2175855">http://search.ebscohost.com/login.aspx?direct=true&scope=site&db=nlebk&db=nlabk&AN=2175855</a>
Nota dirigida al público <a href="Abrir Versión electrónica del libro Hebrews">Abrir Versión electrónica del libro Hebrews</a>
942 ## - TIPO DE MATERIAL (KOHA)
Tipo de Item KOHA Libros de Referencia
945 ## - INFORMACIÓN LOCAL DEL REGISTRO
Catalogador JTF-925
Existencias
Estado de Material Estado de Perdido Forma de Clasificación Estado de Dañado No para Préstamo Colección Biblioteca de Origen Biblioteca Permanente Ubicación en Estantería Fecha de Adquisición Área Total de Préstamos Código de Barras Última vez visto Ejemplar/Existencia Url Fecha de Remplazo Tipo de Material Nota Pública
    Dewey Decimal Classification     Colección Libros Electrónicos Biblioteca FUSBC Biblioteca FUSBC Libro electrónico 18/04/2022 BIBLIA   ID2175855 18/04/2022 Ej. 1 https://bit.ly/3Oi3uLD 18/04/2022 Libro electrónico LIBRO ELECTRÓNICO - Seguir el link de acceso

Biblioteca FUSBC | Teléfono: (57+4) 349 88 10 Ext. 141| WhatsApp (+57) 3005338115 
E-mail: biblioteca@unisbc.edu.co | Calle 76 87-14 Robledo Palenque, Medellín, Colombia

Con tecnología Koha